000
00308nam a2200133 a 4500
001
5664
003
CDMR
005
20130116135311.0
008
130130s2007||||||||||||||||||||||||||||d
040
_a
CDMR
_b
cat
_c
CPC GIRONA
245
0
_a
XLVI Aplec de la Sardana de Figueres
260
_c
2007
_b
Varis
942
_c
MON
999
_c
5664
_d
5664